[Event "FAI-ch Junior Gr C"]
[Site "Torshavn"]
[Date "2003.02.??"]
[Round "5"]
[White "Lofstrand, Johannes"]
[Black "Mikkelsen, Nikolaj"]
[Result "0-1"]
[WhiteElo "1684"]
[BlackElo "2066"]
[PlyCount "62"]
[EventDate "2003.02.??"]
[EventType "swiss"]
[EventRounds "6"]
[EventCountry "FAI"]
[SourceTitle "EXT 2024"]
[Source "ChessBase"]
[SourceDate "2023.10.10"]
[SourceVersion "1"]
[SourceVersionDate "2023.10.10"]
[SourceQuality "1"]

1. e4 c5 2. Nf3 Nc6 3. d4 cxd4 4. Nxd4 Nf6 5. Nc3 e5 6. Ndb5 d6 7. Nd5 Nxd5 8. exd5 Nb8 9. c4 Be7 10. Be2 0-0 11. Be3 f5 12. f4 a6 13. Nc3 Bf6 14. Qd2 Bd7 15. 0-0 Re8 16. Bd3 b5 17. fxe5 Bxe5 18. cxb5 axb5 19. Bxf5 Qh4 20. g3 Bxg3 21. Bxd7 Nxd7 22. Bf4 Bxf4 23. Qxf4 Qxf4 24. Rxf4 Re5 25. Rd1 Nf6 26. Rb4 Rg5+ 27. Kf1 Rf8 28. Ke1 Re5+ 29. Kd2 Nxd5 30. Nxd5 Rxd5+ 31. Kc1 Rc8+ 0-1